Quiz sur les îles - Statistiques

Statistiques générales
  • Ce quiz a été pris 118 fois
  • Le résultat moyen est 10 sur 15
Statistiques - réponses
Hint Réponse % Correct
Une île à l'Est de la Chine, qui est aussi un pays Taïwan
90%
La plus grande île de la Méditerranée Sicile
85%
Une île qui appartient au Chili réputée pour ses statues île de Pâques
82%
L'île la plus proche de la Réunion, de la même taille Maurice
80%
Île au sud de la Grèce, lui appartenant Crète
79%
Grande île au sud de l'Australie Tasmanie
79%
Île où à la côte Ouest se trouve le canal de Mozambique Madagascar
77%
Une île d'Asie partagée entre la Malaisie, le Brunei et l'Indonésie Bornéo
72%
L'île la plus peuplée d'Indonésie Java
72%
La plus grande île des Antilles qui appartient aux États-unis Porto Rico
69%
Une île d'Océanie appartenant à la France au large de la mer de Corail Nouvelle Calédonie
64%
Petite île pays au large du Qatar Bahreïn
62%
La grande île la plus à l'est de l'Indonésie Sumatra
49%
La plus grande île appartenant au Yémen Socotra
28%
Un archipel dans le golfe du Bengale qui appartient à l'Inde îles Andaman
24%
Aucun quiz correspondant
Distribution des résultats
% des personnes avec chaque résultat
Percentile par nombre de réponses
Votre historique - résultats
Vous n’avez pas pris ce quiz